03157nam a2200313 a 4500003000400000005001700004007001500021008004100036040000800077100003000085245036800115264004300483300006000526336002700586337002900613338003900642502003400681504005900715520166500774650002702439650002602466650002302492700004902515700005402564700004302618700004702661700005202708856008302760OSt20250630115818.0cr ||||||a|a|a250619s2025 mx a|||fom||| 001 0 spa d erda1 aArias Moreno, Juan Carlos10aComportamiento productivo de ovejas en dos sistemas silvopastoriles y agostadero en la Sierra de Huautla, Morelos /cpor Juan Carlos Arías Moreno; director de tesis Enrique Cortés Díaz; secretario Pedro Arturo Martínez Hernández; vocal Melitón Córdoba Álvarez; suplente José Luis Zaragoza Ramírez; suplente Giovany Tonatiuh González Bonilla. 1aChapingo, México :bEl autor,c2024. a1 recurso en línea (85 páginas):bcuadros, figuras. 2rdacontentatextobtxt 2rdamediaacomputadorabc 2rdacarrierarecurso en líneabcr bIAEZcZootecníad2024.gLIC aIncluye referencias bibliográficas: páginas 52-61. aEl objetivo fue analizar tres arreglos de áreas de pastoreo conformados por los zacates Megathyrsus maximus (Jacq) cv. mombasa y Urochloa brizantha (Hochst. ex A. Rich.) cv. libertad y las arbustivas Leucaena leucocephala (Lam.) de Wit (guaje) Vachellia campechiana (Mill; cubata) y vegetación nativa. A partir de un ensayo de campo en terrenos del Limón de Cuauchichinola, Sierra de Huautla, con ovejas en pastoreo rotacional 10 y 30 días de ocupación y desocupación, respectivamente, en condiciones de temporal. El seguimiento se dio de julio a noviembre del 2023. El diseño experimental fue completamente al azar con cuatro repeticiones y tres tratamientos: dos arreglos silvopastoriles y agostadero nativo de selva baja caducifolia. Los arreglos silvopastoriles fueron: mombasa-guaje y cubata; y, libertad-guaje y cubata. La carga animal fue 159 ovejas ha-1. Las variables analizadas fueron: cantidad y calidad del forraje ofrecido por estrato (herbáceo y arbustivo) y la ganancia diaria de peso (GDP). Mombasa y libertad mostraron mayor (p≤0.05) cantidad de forraje ofrecido que el estrato herbáceo del agostadero nativo: 4249 y 4134.43 kg MS ha-1, respectivamente, contra 819 kg MS ha-1 del agostadero nativo, pero éste presentó mayor (p≤0.05) proteína cruda (8.9%), sin diferencia (p>0.05) en fibras. En el estrato arbustivo, el arreglo mombasa-guaje y cubata mostró la mayor (p≤0.05) proteína cruda (21.3%). La GDP fue semejante (p>0.05) en todos los tratamientos. La cantidad y calidad del forraje en una vegetación de selva baja caducifolia puede ser influida por los componentes que conformen el área forrajera. 4aGanado lanarxPastoreo 4aForrajesxRendimiento 4aForrajesxCalidad 1 aCortés Díaz, Enriqueedirector de tesis.1 aMartínez Hernández, Pedro Arturoesecretario.1 aCórdoba Álvarez, Melitónevocal.1 aZaragoza Ramírez, José Luisesuplente.1 aGonzález Bonilla, Giovany Tonatiuhesuplente. uhttp://10.13.5.2/tesis/tl/1710151-6_ARIAS_MORENO_JUANCARLOS.pdfzDESCARGAR PDF